000
00329nam a22001457a 4500
008
210302b ||||| |||| 00| 0 eng d
020
_a
9780324162615
041
_a
eng
080
_2
6th
_a
336
082
_a
336
100
_a
56
101
_a
FIN
245
_a
Financial Markets and Institutions
_c
Madura, J
942
_2
udc
_c
BK
999
_c
55520
_d
55520